| 000 | 01312cam a2200337 a 4500 | ||
|---|---|---|---|
| 001 | 11997039 | ||
| 003 | Nust- CAS-E | ||
| 005 | 20180118181358.0 | ||
| 008 | 000504s2000 enka b 001 0 eng | ||
| 010 | _a 00033028 | ||
| 020 | _a0471988529 | ||
| 040 |
_aDLC _cDLC _dDLC |
||
| 050 | 0 | 0 |
_aTK1087 _b.S66 2000 |
| 082 | 0 | 0 |
_a621.31244 _221 _bSOL 2000 |
| 245 | 0 | 0 |
_aSolar electricity / _cedited by Tomas Markvart. |
| 250 | _a2nd ed. | ||
| 260 |
_aChichester ; _aNew York : _bWiley, _c2000. |
||
| 300 |
_axiv, 280 p. : _bill ; _c25 cm. |
||
| 440 | 0 | _aEnergy engineering learning package | |
| 440 | 0 | _aUNESCO energy engineering series | |
| 504 | _aIncludes bibliographical references and index. | ||
| 650 | 0 | _aPhotovoltaic power systems. | |
| 650 | 0 | _aPhotovoltaic power generation. | |
| 650 | 0 | _aSolar cells. | |
| 700 | 1 | _aMarkvart, T. | |
| 856 | 4 | 2 |
_3Publisher description _uhttp://www.loc.gov/catdir/description/wiley031/00033028.html |
| 856 | 4 |
_3Table of Contents _uhttp://www.loc.gov/catdir/toc/onix01/00033028.html |
|
| 906 |
_a7 _bcbc _corignew _d1 _eocip _f20 _gy-gencatlg |
||
| 942 |
_2ddc _cBK |
||
| 999 |
_c355345 _d355345 |
||